जयवर्धन / (Record no. 118479)

MARC details
000 -LEADER
fixed length control field 00961nam a22002537a 4500
005 - DATE AND TIME OF LATEST TRANSACTION
control field 20170124103114.0
010 ## - LIBRARY OF CONGRESS CONTROL NUMBER
LC control number A-154590
020 ## - INTERNATIONAL STANDARD BOOK NUMBER
Terms of availability 50.00
035 ## - SYSTEM CONTROL NUMBER
System control number A-154590
037 ## - SOURCE OF ACQUISITION
Source of stock number/acquisition Cen Lib/Ret
040 ## - CATALOGING SOURCE
Original cataloging agency DPL
Language of cataloging HN
082 ## - DEWEY DECIMAL CLASSIFICATION NUMBER
Classification number
Item number जैनेन्द
100 ## - MAIN ENTRY--PERSONAL NAME
Personal name जैनन्द्रकुमार
9 (RLIN) 47044
245 ## - TITLE STATEMENT
Title जयवर्धन /
Statement of responsibility, etc जैनन्द्रकुमार
246 ## - VARYING FORM OF TITLE
Title proper/short title Jaivardhan /
Remainder of title by Jainendra Kumar
260 ## - PUBLICATION, DISTRIBUTION, ETC. (IMPRINT)
Place of publication, distribution, etc नई दिल्ली
Name of publisher, distributor, etc पूर्वोदय प्रकाशन
Date of publication, distribution, etc 1982
270 ## - ADDRESS
Address 7/8, दरियागंज
City नई दिल्ली
Postal code 110032
300 ## - PHYSICAL DESCRIPTION
Extent 323पृ.
Dimensions 21सेमी(सजिल्द)
650 ## - SUBJECT ADDED ENTRY--TOPICAL TERM
Topical term or geographic name as entry element साहित्य--उपन्यास
9 (RLIN) 80567
650 ## - SUBJECT ADDED ENTRY--TOPICAL TERM
Topical term or geographic name as entry element हिंदी उपन्यास
9 (RLIN) 80568
650 ## - SUBJECT ADDED ENTRY--TOPICAL TERM
Topical term or geographic name as entry element Literature--Novel
9 (RLIN) 80569
650 ## - SUBJECT ADDED ENTRY--TOPICAL TERM
Topical term or geographic name as entry element Hindi novel
9 (RLIN) 80570
942 ## - ADDED ENTRY ELEMENTS (KOHA)
Source of classification or shelving scheme Dewey Decimal Classification
Koha item type Hindi Books
Classification part
Call number suffix जैनेन्द
Holdings
Withdrawn status Lost status Damaged status Not for loan Home library Current library Date acquired Source of acquisition Cost, normal purchase price Total Checkouts Full call number Barcode Date last seen Date checked out Copy number Cost, replacement price Price effective from Koha item type Public note Source of classification or shelving scheme
Written off       Central Library Central Library 11/09/2015 Cen Lib/Ret 50.00 1 उ जैनेन्द A-154590 10/02/2018 29/01/2018 1 50.00 11/09/2015 Hindi Books Written off on approval by DLB (By Circulation); dtd 15-06-2023  
Written off       Central Library Central Library 25/10/2016 Cen Lib/Ret 50.00   उ जैनेन्द A-154588 25/10/2016   2 50.00 25/10/2016 Hindi Books Written off on approval by DLB (By Circulation); dtd 15-06-2023 Dewey Decimal Classification

© Delhi Public Library
Hit Counter
free hit counter